Brawl Stars - Statystyki

Ogólne statystyki
  • Ten quiz został rozwiązany 22 razy
  • Średni wynik to 7 z 9
Statystyki odpowiedzi
Hint Odpowiedź % Poprawnych
Jaki jest najbardziej gejowy zadymiarz? Edgar
100%
Jak nazywa się kaktus? Spike
100%
W którym roku Brawl Stars miał globalne wydanie? 2018
89%
Jaki jest najnowszy zadymiarz w grze, którym można grać? (15.05.2026) Damian
89%
Jaki zadymiarz zamraża swoim atakiem? Lou
89%
Który zadymiarz jest uzależniony od energetyków? Max / Maks
89%
Zadymiarz, którego można było odblokować po przekroczeniu progu 8 000 pucharów? Emz
68%
Jaki jest pozostały zadymiarz z trio: Mandy, Chester i .....? Berry
53%
Jaki był darmowy skin w 2018 roku? Starr Shelly
47%
Nie znaleziono quizów pasujących do podanych kryteriów
Rozkład punktacji
Procent ludzi z każdym wynikiem
Percentyl według liczby udzielonych odpowiedzi
Twoja historia wyników
Nie rozwiązałeś tego quizu